| 000 | 00669nam a2200205 a 4500 | ||
|---|---|---|---|
| 005 | 20230531063650.0 | ||
| 008 | 991125s1991 mx 000 0 spa u | ||
| 020 | _a9686177426 | ||
| 035 | _aUPN01000045967 | ||
| 049 | _aCG | ||
| 050 | 4 |
_aF1229 _bL668 |
|
| 100 | 1 | _aLozoya, Xavier | |
| 245 | 1 | 3 |
_aEl preguntador del rey : _bFrancisco Hernández / _cXavier Lozaya. |
| 260 |
_aMéxico : _bCNCA, Dirección General de Publicaciones : _bPANGEA, _c1991. |
||
| 300 |
_a111 p. : _bil. |
||
| 440 | 0 | _aViajeros del conocimiento | |
| 651 | 4 |
_aMéxico _xDescripción y viajes _910016 |
|
| 651 | 4 |
_aMéxico _xHistoria _yDescubrimiento y conquista, 1517-1521 _911526 |
|
| 905 | _aLibro | ||
| 999 |
_c45967 _d45967 |
||